• 首页
  • 本馆介绍
  • 公告通知
  • 最新文献
  • 馆藏检索
  • 电子资源
  • 读者导购
  • 参考咨询
  • 我的图书馆
  • 登录
  • 详细信息显示
  • 放入我的书架
  • 预约/预借图书
  • 作者相关作品
  • 分类相关作品
  • 丛书相关作品
  • 出版社相关作品

书目信息

  • 表格格式
  • 工作单格式
  • 卡片格式
题名:
赢在执行力
    
 
作者: 蒋纯 主编 ;长江水利委员会水文局 编
分册:  
出版信息: 武汉   长江出版社  2019
页数: 265页
开本: 26cm
丛书名:
单 册:
中图分类: P33-53
科图分类:
主题词:
电子资源:
ISBN: 978-7-5492-6229-8
000 01034nam0 2200265 450
001 012001000034
005 20131104153830.0
010    @a978-7-5492-6229-8@dCNY68.00
100    @a20190515d2019 em y0chiy50 ea
101 0  @achi
102    @aCN@b420000
105    @ay z 000yy
106    @ar
200 1  @a赢在执行力@Aying zai zhi xing li@e长江水文执行力漫谈@f长江水利委员会水文局编
210    @a武汉@c长江出版社@d2019
215    @a265页@d26cm
314    @a主编:蒋纯
330    @a本书分为特稿、感悟执行力、解读执行力、团队执行力、身边的执行力五部分,收录了《谈谈执行力》《对营造长江水文执行力文化的思考》《提高执行力是长江水文跨越发展的迫切要求》《领导干部提升执行力的思考》等文章。
517 1  @a长江水文执行力漫谈@Achang jiang shui wen zhi xing li man tan
607    @a长江流域@x水文工作@j文集
690    @aP33-53@v5
701  0 @a蒋纯@Ajiang chun@4主编
712 02 @a长江水利委员会水文局@Achang jiang shui li wei yuan hui shui wen ju@4编
801  0 @aCN@b北京卓展文化@c20191020
905    @b1195118-21@dP33-53@e145@f4
    
    赢在执行力:长江水文执行力漫谈/长江水利委员会水文局编.-武汉:长江出版社,2019
    265页;26cm
    
    
    ISBN 978-7-5492-6229-8:CNY68.00
    本书分为特稿、感悟执行力、解读执行力、团队执行力、身边的执行力五部分,收录了《谈谈执行力》《对营造长江水文执行力文化的思考》《提高执行力是长江水文跨越发展的迫切要求》《领导干部提升执行力的思考》等文章。
●
相关链接 在E读中查询图书 在五车中查询图书 在当当中查询图书 在豆瓣中查询图书


正题名:赢在执行力     索取号:P33-53/145         预约/预借

序号 登录号 条形码 馆藏地/架位号 状态 备注
1 1195118   211951182   第二样本阅览室/ [索取号:P33-53/145] 在馆    
2 1195119   211951191   第三借阅区/ [索取号:P33-53/145] 在馆    
3 1195120   211951208   第三借阅区/ [索取号:P33-53/145] 在馆    
4 1195121   211951217   第三借阅区/ [索取号:P33-53/145] 在馆    
唐山师范学院图书馆 欢迎您!
大连网信软件有限公司© 版权所有